Регионална библиотека "Любен Каравелов" - Русе

Harpsichord Sonatas (Запис номер 520030)

MARC детайли
000 -Лидер
Лидер 01788njm a2200313 a 4500
003 - Код на организацията, давaща контролен номер
Код на организацията, даваща контролен номер BLK
005 - Дата и час на последна редакция
Дата и час на последна редакция 20241022163308.0
007 - Фиксирано поле за физическо описани
Физическо описание sd ammalaaahaa
008 - Елементи от данни с фиксирана дължина
Елементи с фиксирана дължина 180413b bul||n|| |||||||| n|bulo|
028 ## - PUBLISHER NUMBER
Издателски номер SUA ST 50688
040 ## - Източник на каталожния запис
Код на библиотеката BLK
041 ## - Код за език
Език на записа Чешки
-- Английски
Език за КДБФ Други славянски езици
080 ## - УДК
УДК текст Соната
УДК код 78.082.2
УДК – определител (086.72)
УДК – код + определител 78.082.2(086.72)
080 ## - УДК
УДК текст Музика от епохата на Възраждането ХV-ХVI в. Барок. Рококо
УДК код 78.034
УДК – определител (086.72)
УДК – код + определител 78.034(086.72)
100 ## - Редна дума - Автор
Автор Scarlatti, Domenico
R(LIN) 404865
245 ## - Сведения за заглавието
Заглавие Harpsichord Sonatas
Подзаглавни данни (Cembalo-Sonaten)
Авторска отговорност Domenico Scarlatti, Zuzana Ruzickova.
257 ## - Страна на издаване
Страна на създаване/издаване Чехословакия
260 ## - Област на издателските данни
Място на издаване Prague
Име на издателя Supraphon
Година на издаване 1966
9 (RLIN) 210746
300 ## - Физическа характеристика
Брой страници 1 грамофонна плоча
Илюстрации 33 об./мин., стерео
Размер 30 см
380 ## - Жанр
Жанр Изкуство
490 ## - СЕРИИ (Колекции)
9 (RLIN) 494133
Серия Artia
500 ## - Общи забележки
Обща забележка Страна А:<br/>1 Sonata In C Major (Kirkpatrick 420, Longo Suppl. 2)<br/>2 Sonata In C Major (Kirkpatrick 513, Longo Suppl. 3)<br/>3 Sonata In A Major (Kirkpatrick 537, Longo 293)<br/>4 Sonata In A Minor (Kirkpatrick 149, Longo 93)<br/>5 Sonata In E Minor (Kirkpatrick 15, Longo 374)<br/>6 Sonata In D Major (Kirkpatrick 29, Longo 461)<br/>Страна B:<br/>1 Sonata In A Major (Kirkpatrick 24, Longo 495)<br/>2 Sonata In A Major (Kirkpatrick 533, Longo 395 )<br/>3 Sonata In D Major (Kirkpatrick 33, Longo 425)<br/>4 Sonata In D Major (Kirkpatrick 140, Longo 107)<br/>5 Sonata In B Flat Major (Kirkpatrick 544, Longo 497)<br/>6 Sonata In B Flat Major (Kirkpatrick 545, Longo 500)
650 #7 - Допълнително описание по предмет – тема
9 (RLIN) 158672
Предметна рубрика Клавесин - композиции
653 ## - Ключова дума – ненормативна
9 (RLIN) 196918
Ключови думи сонати
700 ## - Други автори (авторска отговорност)
9 (RLIN) 493871
Друг автор Ruzickova, Zuzana
852 ## - Местоположение
Сигнатура (форматна) Ф ІІ 3349
Отдел Хранилище
942 ## - АРТИКУЛИ
Вид на библиотечния документ Грамофонни плочи
Скрит в OPAC Не
944 ## - СЪЗДАВАНЕ И РЕДАКЦИЯ на ЗАПИСА
Дата на регистрацията/редакция Севдалина Тодорова
Служител, извършил регистрацията/редакцията 30540
Статус, дата на статуса Севдалина Тодорова
Създаване/Редакция
999 ## - СИСТЕМНИ КОНТРОЛНИ НОМЕРА
Koha biblionumber 520030
Koha biblioitemnumber 520030
Наличности
Код за отписване Код за изгубен артикул Източник на класификационната схема Код за повреда Коз за рестрикции Код за отдаване Артикулен № Име на библиотеката - собственик Име на библиотеката, в която се намира в момента Статус (Текущо местоположение) Дата на вписване в системата Местоположение - отдел Цена в лева Инвентарен номер Систематично азбучна сигнатура Баркод Цена в евро Служебен тип на артикула
  Не е изгубен Universal Decimal Classification Не е повреден само за читалня ползва се в читалня 952738 Регионална библиотека "Любен Каравелов" Русе Регионална библиотека "Любен Каравелов" Русе Хранилище 2024-10-22 Основен фонд - ползва се само за читалня 4.50 7972 Ф ІІ 3349 900000109482 2.30 Грамофонни плочи
Vip Innovations Ltd, Rousse, Bulgaria 2025